[Event "34th Olympiad"]
[Site "Istanbul TUR"]
[Date "2000.11.01"]
[Round "5"]
[White "Kupreichik,V"]
[Black "Khruschiov,A"]
[Result "1/2-1/2"]
[WhiteElo "2472"]
[BlackElo "2381"]

1.Nf3 Nf6 2.c4 g6 3.g3 Bg7 4.Bg2 O-O 5.O-O Nc6 6.d4 d5 7.cxd5 Nxd5 8.Nc3 Nb6
9.e3 a5 10.d5 Nb4 11.e4 c6 12.a3 Na6 13.Nd4 e6 14.Be3 cxd5 15.exd5 Nxd5 16.Nxd5 exd5
17.Rc1 Nc7 18.Qb3 a4 19.Qb4 Ne6 20.Nxe6 Bxe6 21.Bb6 Qf6 22.Rc2 Rfe8 23.Rd1 Qe7
24.Bc5 Qd7 25.Rcd2 Rac8 26.Bxd5 Bxd5 27.Rxd5 Qc6 28.Be3 Qc2 29.R5d2 Qb3 30.Qxb3 axb3
31.Rd3 Rc2 32.R1d2 Bxb2 33.Rxb3 Rxd2 34.Bxd2 Bd4 35.Rxb7 Re2 36.Bh6 f5 37.Rd7 Bxf2+
38.Kf1 Ra2 39.Rg7+ Kf8 40.Rxh7+ Ke8 41.Rh8+ Kd7 42.Rg8 Bd4 43.h4 Ke6 44.Rxg6+ Kd5
45.Bg7 Bxg7 46.Rxg7 f4 47.h5 Ke4 48.Ke1 fxg3 49.Rxg3 Rh2 50.Rg5 Ra2 51.a4 Ke3
52.Re5+ Kf4 53.Ra5 Ke3 54.Kf1 Kf3 55.Kg1 Kg3 56.Rg5+ Kh4 57.Rg2 Ra1+ 58.Kh2 Rxa4
59.h6 Ra8 60.h7 Rh8  1/2-1/2

[Event "34th Olympiad"]
[Site "Istanbul TUR"]
[Date "2000.11.01"]
[Round "5"]
[White "Wastney,S"]
[Black "Ferreira,O"]
[Result "1-0"]
[WhiteElo "2219"]
[BlackElo "2266"]

1.Nf3 Nf6 2.c4 g6 3.g3 Bg7 4.Bg2 O-O 5.Nc3 d6 6.d4 Nbd7 7.O-O e5 8.h3 a6
9.e4 Rb8 10.Rb1 exd4 11.Nxd4 Re8 12.Re1 Ne5 13.b3 c5 14.Nc2 b5 15.cxb5 axb5
16.f4 Nh5 17.fxe5 Bxe5 18.Ne2 Nxg3 19.Nxg3 Bxg3 20.Rf1 Qh4 21.Qf3 f5 22.Bf4 Bxf4
23.Qxf4 Qxf4 24.Rxf4 fxe4 25.Ne3 Bb7 26.Rd1 Rbd8 27.Nd5 Kg7 28.Rxe4 Rxe4
29.Bxe4 Re8 30.Bg2 Re5 31.Nf4 Bxg2 32.Kxg2 g5 33.Nh5+ Kg6 34.Ng3 d5 35.Kf2 d4
36.b4 cxb4 37.Rxd4 Rc5 38.Rd6+ Kg7 39.Ne4 Rf5+ 40.Ke3 h6 41.Rd4 h5 42.Rxb4 Kg6
43.Rb2 g4 44.hxg4 hxg4 45.Rf2 Rd5 46.Rf4 b4 47.Rxg4+ Kf7 48.Rg2 Ke6 49.Rb2 Ra5
50.Kd4  1-0

[Event "34th Olympiad"]
[Site "Istanbul TUR"]
[Date "2000.11.02"]
[Round "6"]
[White "Kurajica,B"]
[Black "Banikas,H"]
[Result "1-0"]
[WhiteElo "2534"]
[BlackElo "2542"]

1.Nf3 Nf6 2.c4 g6 3.g3 Bg7 4.Bg2 O-O 5.O-O d6 6.d4 Nbd7 7.Nc3 e5 8.e4 exd4
9.Nxd4 Re8 10.Re1 a6 11.Bf4 Nh5 12.Bc1 Ne5 13.Qe2 c6 14.Rd1 Bd7 15.c5 dxc5
16.Nf5 c4 17.Nxg7 Nxg7 18.Be3 Qa5 19.Rd6 Rad8 20.Qd2 Bh3 21.Nd5 Qxd2 22.Nf6+ Kh8
23.Rxd2 Bxg2 24.Nxe8 Rxd2 25.Bxd2 Bxe4 26.Bc3 Nxe8 27.Bxe5+ Kg8 28.Re1 Bd5
29.a4 f6 30.Bd4 Kf7 31.Bc5 Be6 32.a5 Nc7 33.Re4 f5 34.Re1 Nd5 35.f3 Nf6 36.Kf2 Nd7
37.Bd6 Kf6 38.h3 Kf7 39.g4 Nf6 40.gxf5 gxf5 41.Kg3 Nd5 42.Kh4 f4 43.Re4 Ne3
44.Kg5 h6+ 45.Kxf4 Nd1 46.Ke5 Bd5 47.Re2 Bxf3 48.Rc2 Bh5 49.Kd4 Kf6 50.Bf4 Bg6
51.Rd2 c3 52.bxc3 c5+ 53.Kxc5 Nxc3 54.Kb6 Be4 55.Bxh6 Kg6 56.Rd6+ Kf5 57.Bg7 Na4+
58.Ka7 Nc5 59.Bd4 Ne6 60.h4 Nc7 61.Kb6 Na8+ 62.Kc5 Nc7 63.Be3 Nb5 64.Rd7 Bc6
65.Rg7 Kf6 66.Rg1 Be8 67.Bd4+ Ke6 68.Re1+ Kf7 69.h5 Nc7 70.h6  1-0

[Event "4th OIBM"]
[Site "Bad Wiessee GER"]
[Date "2000.11.03"]
[Round "7"]
[White "Gavrikov,Vi"]
[Black "Volokitin,A"]
[Result "1-0"]
[WhiteElo "2549"]
[BlackElo "2447"]

1.Nf3 Nf6 2.c4 g6 3.g3 Bg7 4.Bg2 O-O 5.O-O d6 6.d4 Nbd7 7.Nc3 e5 8.Rb1 Re8
9.e4 exd4 10.Nxd4 a6 11.h3 Rb8 12.Re1 Ne5 13.b3 c5 14.Nc2 Be6 15.f4 Nc6 16.Qd3 b5
17.Bd2 Nd7 18.cxb5 Nd4 19.Ne3 axb5 20.Qf1 b4 21.Ne2 f5 22.exf5 Nxf5 23.Nd5 Nb6
24.Nxb6 Qxb6 25.Kh2 h5 26.Ng1 Kh8 27.Qd3 Qa7 28.g4 hxg4 29.hxg4 Nh6 30.Qxg6 Nxg4+
31.Kg3 c4 32.Nh3 Bd7 33.bxc4 Qxa2 34.Ng5 Qa3+ 35.Bf3  1-0

[Event "34th Olympiad Women"]
[Site "Istanbul TUR"]
[Date "2000.11.05"]
[Round "8"]
[White "Maric,A"]
[Black "Kachiani,K"]
[Result "1/2-1/2"]
[WhiteElo "2443"]
[BlackElo "2448"]

1.Nf3 Nf6 2.c4 g6 3.g3 Bg7 4.Bg2 O-O 5.O-O d6 6.d4 Nc6 7.Nc3 a6 8.b3 Rb8
9.Nd5 Nh5 10.Bb2 f5 11.Qc2 e6 12.Nf4 Nxf4 13.gxf4 Ne7 14.Rfd1 b5 15.Rab1 bxc4
16.bxc4 Bd7 17.d5 Bxb2 18.Rxb2 Ba4 19.Rxb8 Bxc2 20.Rxd8 Rxd8 21.Rd2 Be4 22.Ng5 exd5
23.cxd5 Bxg2 24.Kxg2 Re8 25.e3 h6 26.Ne6 Nxd5 27.Rxd5 Rxe6 28.Ra5 Kf7 29.Rxa6 Ke7
30.a4 d5 31.Ra8 d4 32.exd4 Re4 33.d5 Rxf4 34.a5 Kf6 35.a6 Kg5 36.Rc8 Ra4
37.Rxc7 Rxa6 38.Rc6 Ra5 39.h4+ Kh5 40.d6 Rd5 41.Kg3 Rd4 42.f3 f4+ 43.Kh3 Rd3
44.Rc5+ g5 45.hxg5 hxg5 46.Kg2 Kh4 47.Rc2 Rxd6 48.Rb2 Rd3 49.Rc2 g4 50.fxg4 Kxg4
51.Ra2 Rb3 52.Rc2 Rh3 53.Rc8 Rg3+ 54.Kf2 Rf3+ 55.Kg2  1/2-1/2

[Event "Chigorin Mem"]
[Site "St Petersburg RUS"]
[Date "2000.11.06"]
[Round "6"]
[White "Andreeva,N"]
[Black "Gutow,A"]
[Result "1-0"]
[WhiteElo "2320"]
[BlackElo "2497"]

1.Nf3 Nf6 2.c4 g6 3.g3 Bg7 4.Bg2 O-O 5.O-O d6 6.d4 Nbd7 7.Nc3 e5 8.e4 c6
9.h3 exd4 10.Nxd4 Qb6 11.Re1 Re8 12.Re2 Qb4 13.Rc2 Nc5 14.Bd2 Qb6 15.Be3 a5
16.Nde2 Qc7 17.f3 Nfd7 18.Rd2 Ne5 19.Rxd6 Nxc4 20.Bxc5 Bf8 21.e5 Rxe5 22.Rd8 Rxc5
23.Ne4 Re5 24.Nf6+ Kg7 25.Ne8+ Rxe8 26.Rxe8 Bc5+ 27.Kh2 Ne3 28.Qc1  1-0

[Event "Chigorin Mem"]
[Site "St Petersburg RUS"]
[Date "2000.11.08"]
[Round "7"]
[White "Donchenko,A"]
[Black "Bogachkov,I"]
[Result "1-0"]
[WhiteElo "2457"]
[BlackElo "2328"]

1.Nf3 Nf6 2.c4 g6 3.g3 Bg7 4.Bg2 O-O 5.O-O d6 6.d4 Nc6 7.b3 a6 8.Nc3 Rb8
9.e3 Bd7 10.h3 b5 11.Qe2 b4 12.Na4 Qc8 13.Kh2 Ne4 14.Qc2 f5 15.Bb2 Na5 16.Nd2 Nxd2
17.Qxd2 e6 18.Rac1 Bxa4 19.bxa4 Qd7 20.Qc2 c6 21.Rfd1 d5 22.Bf1 Rfc8 23.Kg1 Bf8
24.c5 Qb7 25.Rb1 b3 26.axb3 Qxb3 27.Qxb3 Rxb3 28.Ba1 Ra3 29.Bxa6 Ra8 30.Rb6 Be7
31.Rdb1 Kg7 32.Be2 Rxa4 33.Bc3 Ra2 34.Bd1 Rc8 35.Ra6 Bd8 36.Kg2 h5 37.Rbb6 Bxb6
38.cxb6 Ra3 39.Bxa5 Rb8 40.Ra7+ Kg8 41.Rc7 Rxa5 42.b7 Rf8 43.Be2 Ra2 44.Bb5 Rb2
45.Bxc6 Rf7 46.Rc8+ Rf8 47.h4 f4 48.gxf4 Kf7 49.Kg3 Ke7 50.f5 gxf5 51.Kf4 Rd8
52.Ke5 f4 53.Rc7+ Kf8 54.Kxe6 fxe3 55.fxe3 Re2 56.Rc8 Rxe3+ 57.Kf6 Rf3+ 58.Kg5  1-0

[Event "Czech Extra League 2000-1"]
[Site "CZE"]
[Date "2000.11.18"]
[Round "1"]
[White "Neuman,A"]
[Black "Jurek,J"]
[Result "0-1"]
[WhiteElo "2095"]
[BlackElo "2329"]

1.Nf3 Nf6 2.c4 g6 3.g3 Bg7 4.Bg2 O-O 5.d4 d6 6.Nc3 Nc6 7.O-O a6 8.d5 Na7
9.Nd4 Bd7 10.a4 c5 11.Nc2 b5 12.e4 Qc7 13.Qe2 Rab8 14.Re1 Ne8 15.Bg5 b4 16.Nd1 b3
17.Na3 Nc8 18.Nb1 Rb4 19.Nbc3 h6 20.Bd2 Nb6 21.Ne3 Nxa4 22.Nxa4 Rxa4 23.Rxa4 Bxa4
24.Ra1 Bd7 25.Nd1 Qb7 26.Qd3 Nf6 27.Ne3 Ng4 28.Nxg4 Bxg4 29.h3 Bd7 30.Ra3 Rb8
31.Bc3 Qb6 32.Kh2 Bd4 33.Bf3 Bxf2 34.Bd1 Bd4 35.Rxb3 Qc7 36.Rxb8+ Qxb8 37.Bxd4 cxd4
38.Qxd4 Qb4 39.Bg4 Bxg4 40.hxg4 a5 41.Kg2 Qe1 42.Qd3 Kg7 43.Qd4+ Kh7 44.Qd3 Qc1
45.Qe2 Kg8 46.Kh2 f6 47.Kg2 a4 48.Kh2 Kf7 49.Kg2 Ke8 50.Kh2 Kd8 51.Kg2 Kc7
52.Kh2 Kb7 53.Kg2 Kb6 54.Qf2+ Ka6 55.Qd4 Qc2+ 56.Kg1 Kb7 57.Kf1 Kc8 58.Kg1 Kd7
59.Kf1 Ke8 60.Kg1 Kf7 61.Kf1 g5 62.Kg1 Kg6 63.Kf1 h5 64.gxh5+ Kxh5 65.Kg1 Kg4
66.e5+ Kf3  0-1

[Event "Scaccomatto"]
[Site "Torino ITA"]
[Date "2000.11.20"]
[Round "3"]
[White "Romanishin,O"]
[Black "Mrdja,M"]
[Result "1-0"]
[WhiteElo "2591"]
[BlackElo "2431"]

1.Nf3 Nf6 2.c4 g6 3.g3 Bg7 4.Bg2 O-O 5.O-O c6 6.d4 d6 7.Nc3 Qa5 8.e4 e5 9.dxe5 dxe5
10.h3 Nbd7 11.Qc2 Qc7 12.Be3 Nh5 13.Rad1 Re8 14.c5 Bf8 15.b4 Be7 16.Nd2 Nf8
17.Nc4 Be6 18.Qe2 Bxc4 19.Qxc4 Ne6 20.a4 Rad8 21.a5 a6 22.Ne2 Rxd1 23.Rxd1 Rd8
24.Rd3 Bg5 25.Bxg5 Nxg5 26.h4 Ne6 27.Bh3 Nhg7 28.Qc3 Rxd3 29.Qxd3 Kf8 30.Kf1 Ke8
31.Ke1 Qe7 32.Qc3 f6 33.Qd2 h5 34.Qh6 Kf7 35.Qd2 g5 36.hxg5 Nxg5 37.Bg2 Ke8
38.Qc3 Kf8 39.Qd2 Nf7 40.Bh3 Ng5 41.Bg2 Ne8 42.Qd3 Qh7 43.f4 Nf7 44.Qd7 Qg6
45.f5 Qg4 46.Qxb7 Ng5 47.Qxa6 Nxe4 48.Qc4  1-0

[Event "Autumn Cup IM"]
[Site "Bucharest ROM"]
[Date "2000.11.22"]
[Round "3"]
[White "Grunberg,F"]
[Black "Hernandez,Gu VEN"]
[Result "1-0"]
[WhiteElo "2295"]
[BlackElo "2245"]

1.Nf3 Nf6 2.c4 g6 3.g3 Bg7 4.Bg2 O-O 5.O-O c6 6.d4 d5 7.b3 Ne4 8.Bb2 a5 9.Nc3 Bf5
10.Nh4 Nxc3 11.Bxc3 Be6 12.Qd3 Qb6 13.f4 Qa6 14.f5 dxc4 15.Qd2 Bd7 16.e4 b5
17.b4 Qa7 18.a3 Na6 19.Kh1 axb4 20.axb4 Qb6 21.e5 Bxf5 22.Rxf5 gxf5 23.Nxf5 Nc7
24.Rf1 Ne6 25.Nxe7+ Kh8 26.Nxc6 Nd8 27.Ne7 Ra3 28.Nf5 Qa6 29.d5 Ra2 30.Qe3 Qa7
31.Bd4 Qa3 32.Qg5 Rg8 33.Nxg7  1-0

[Event "FIDE WCh Women KO"]
[Site "New Delhi IND"]
[Date "2000.11.30"]
[Round "2.1"]
[White "Maric,A"]
[Black "Eidelson,R"]
[Result "1/2-1/2"]
[WhiteElo "2443"]
[BlackElo "2360"]

1.Nf3 Nf6 2.c4 g6 3.g3 Bg7 4.Bg2 O-O 5.O-O d6 6.d4 Nbd7 7.Nc3 e5 8.e4 exd4
9.Nxd4 Nc5 10.h3 Re8 11.Re1 Bd7 12.Rb1 h6 13.Kh2 a5 14.Ndb5 Bc6 15.f3 Bd7
16.Be3 h5 17.Qd2 Bxb5 18.Nxb5 Ncd7 19.b3 a4 20.Bd4 Ne5 21.f4 Nc6 22.Bc3 axb3
23.axb3 Re6 24.e5 dxe5 25.Qxd8+ Rxd8 26.Nxc7 Re7 27.Nd5 Ree8 28.Nxf6+ Bxf6
29.Bxc6 bxc6 30.fxe5 Bg7 31.Re3 Bh6 32.Rf3 c5 33.Rb2 Rd7 34.Re2 Rb7 35.Be1 Re6
36.Bf2 Bf8 37.Kg2 Be7 38.Rd3 Reb6 39.Ree3 Rc6 40.Kf3 Bg5 41.Re1 Be7 42.g4 hxg4+
43.Kxg4 Ra6 44.Ree3 Kf8 45.Rf3 Kg7 46.Rf4 Re6 47.Rdf3 Bf8 48.Bh4 Reb6 49.Bd8 Re6
50.h4 Kg8 51.Bf6 Rd7 52.h5 Bh6 53.Re4 Kh7 54.hxg6+ Kxg6 55.Kh3 Rd1 56.Rg4+ Kh7
57.Rh4 Rh1+ 58.Kg4 Rxh4+ 59.Bxh4 Rxe5 60.Rxf7+ Kg6 61.Rf6+ Kg7 62.Rc6 Re4+
63.Kh5 Re5+ 64.Kg4 Re4+ 65.Kh3 Re3+ 66.Kg2 Rxb3 67.Rxc5 Bf4 68.Rc6 Be5 69.Kf2 Rb6
70.Rc8 Rb8 71.Rc6 Rb6 72.Rxb6 Bd4+ 73.Kf3 Bxb6 74.Bf2 Bc7 75.Ke4 Kf7 76.Kd5 Ke7
77.Kc6 Bb8 78.Bb6 Bg3 79.Ba7 Bf4 80.Bf2 Bb8 81.Bh4+ Ke6 82.Bd8 Bd6 83.Bc7 Ba3
84.Bb6 Bd6 85.Bc5 Bg3 86.Kb7 Kd7 87.Bf8 Bf2  1/2-1/2

[Event "FIDE WCh Women KO"]
[Site "New Delhi IND"]
[Date "2000.12.02"]
[Round "2.5"]
[White "Demina,J"]
[Black "Arribas,M"]
[Result "1-0"]
[WhiteElo "2368"]
[BlackElo "2300"]

1.c4 Nf6 2.g3 g6 3.Bg2 Bg7 4.Nf3 O-O 5.d4 d6 6.O-O c6 7.Nc3 Nbd7 8.Qc2 e5
9.Rd1 Qc7 10.e4 Re8 11.h3 exd4 12.Nxd4 Nc5 13.Bf4 Nh5 14.Be3 Be6 15.Nxe6 Nxe6
16.Rd2 Rad8 17.Rad1 a6 18.b4 Nf6 19.f4 Nf8 20.Bf2 Rd7 21.c5 dxc5 22.bxc5 Rxd2
23.Rxd2 Rd8 24.e5 Rxd2 25.Qxd2 N6d7 26.Ne4 Ne6 27.Bf1 b6 28.cxb6 Nxb6 29.Bxa6 c5
30.Qa5 Bf8 31.Nf6+ Kh8 32.Ne8 Qa7 33.a4 Nd5 34.Qb5 Ndc7 35.Nxc7 Nxc7 36.Qd7 Qxa6
37.Qxc7 Kg8 38.a5 Qd3 39.Qc6 c4 40.a6 c3 41.a7 c2 42.a8=Q Qd1+ 43.Kg2 c1=Q
44.Qxc1 Qxc1 45.Qd5 Qc8 46.g4 Be7 47.Qe4 Qe6 48.f5 Qa2 49.Qc6 Bh4  1-0

[Event "Open"]
[Site "Zadar CRO"]
[Date "2000.12.09"]
[Round "1"]
[White "Vaulin,A"]
[Black "Brkic,Zd"]
[Result "1-0"]
[WhiteElo "2552"]
[BlackElo "2108"]

1.c4 Nf6 2.Nf3 g6 3.g3 Bg7 4.Bg2 O-O 5.d4 c5 6.d5 d6 7.O-O b5 8.cxb5 a6 9.Nc3 Nbd7
10.bxa6 Bxa6 11.Re1 Ng4 12.Qc2 Qb6 13.Rb1 Rfb8 14.h3 Nge5 15.Nxe5 Nxe5 16.b3 Qa5
17.Bd2 Qa3 18.Qc1 Qa5 19.Na4 Qc7 20.Qc2 Nd7 21.Bc3 Nf6 22.e4 Bb5 23.e5 Bxa4
24.exf6  1-0

[Event "FSIMA December"]
[Site "Budapest HUN"]
[Date "2000.12.10"]
[Round "8"]
[White "Vadasz,L"]
[Black "Berczes,C"]
[Result "1/2-1/2"]
[WhiteElo "2301"]
[BlackElo "2189"]

1.Nf3 Nf6 2.c4 g6 3.g3 Bg7 4.Bg2 O-O 5.O-O d6 6.Nc3 e5 7.d4 Nbd7 8.e4 c6
9.h3 a6 10.Rb1 b5 11.cxb5 cxb5 12.b4  1/2-1/2

[Event "Open"]
[Site "Zadar CRO"]
[Date "2000.12.11"]
[Round "3"]
[White "Voscilla,A"]
[Black "Rashkovsky,N"]
[Result "1/2-1/2"]
[WhiteElo "2292"]
[BlackElo "2508"]

1.Nf3 Nf6 2.g3 g6 3.Bg2 Bg7 4.c4 O-O 5.Nc3 d6 6.O-O Nc6 7.d3 e5 8.Bd2 h6
9.Rb1 Be6 10.b4 Qd7 11.b5 Ne7 12.c5 Bh3 13.cxd6 cxd6 14.Ne4 Bxg2 15.Kxg2 Nxe4
16.dxe4 f5 17.Qb3+ Rf7 18.exf5 Qxf5 19.Be3 Kh7 20.Qb4 d5 21.Qh4 Qh5 22.Qxh5 gxh5
23.Bc5 e4 24.Nd4 b6  1/2-1/2

[Event "It"]
[Site "Kastav CRO"]
[Date "2000.12.12"]
[Round "1"]
[White "Petrov,J"]
[Black "Fercec,N"]
[Result "1-0"]
[WhiteElo "2426"]
[BlackElo "2458"]

1.Nf3 Nf6 2.c4 g6 3.g3 Bg7 4.Bg2 O-O 5.d4 d6 6.O-O Nc6 7.Nc3 a6 8.b3 Rb8
9.e3 Re8 10.Bb2 Bd7 11.Nd5 Nh5 12.e4 e6 13.Nc3 b5 14.d5 Ne7 15.cxb5 axb5
16.b4 exd5 17.exd5 Nc8 18.Nd4 Nb6 19.Rc1 Nc4 20.Ba1 Bh6 21.Ncxb5 Bxb5 22.Nxb5 Nd2
23.Nxc7 Re7 24.Na6 Ra8 25.Rc6 Nxf1 26.Bxf1 Bg7 27.a4 Qf8 28.Nc7 Rc8 29.Bxg7 Nxg7
30.Qc1 Rd8 31.Bh3 Re4 32.Qc3 Qe7 33.Bf1 Nf5 34.Nb5 Re1 35.Rc8 Rxc8 36.Qxc8+ Kg7
37.Qc3+ Kh6 38.Qd2+ Kg7 39.a5 Qe4 40.Nc3 Qe5 41.Nb5 f6 42.Qd3 Qa1 43.Nc7 Nd4
44.Kg2 Kf7 45.Nb5 Rxf1 46.Qxd4 Rg1+ 47.Kf3 Qf1 48.Nxd6+ Ke7 49.Nb7 Qg2+ 50.Kg4 Qxh2
51.Qe4+ Kf7 52.Nd6+  1-0

[Event "It"]
[Site "Kastav CRO"]
[Date "2000.12.14"]
[Round "3"]
[White "Velikov,P"]
[Black "Fercec,N"]
[Result "1/2-1/2"]
[WhiteElo "2464"]
[BlackElo "2458"]

1.Nf3 Nf6 2.c4 g6 3.g3 Bg7 4.Bg2 O-O 5.O-O d6 6.Nc3 Nc6 7.Rb1 a5 8.a3 Bf5
9.d3 Qd7 10.Re1 Bh3 11.Bh1 h6 12.b4 axb4 13.axb4 Ng4 14.Nd5 e5  1/2-1/2

[Event "TCh-SVK"]
[Site "SVK"]
[Date "2000.12.17"]
[Round "6"]
[White "Kolesar,Mil"]
[Black "Turna,S"]
[Result "1/2-1/2"]
[WhiteElo "2158"]
[BlackElo "2257"]

1.Nf3 Nf6 2.c4 g6 3.g3 Bg7 4.Bg2 O-O 5.d4 d6 6.O-O Nc6 7.Nc3 a6 8.d5 Na5
9.Nd2 c5 10.Rb1 Rb8 11.b3 b5 12.Bb2 e5 13.dxe6 Bxe6 14.cxb5 axb5 15.Nde4 Nxe4
16.Nxe4 Bf5 17.Bxg7 Kxg7 18.Qd2 Qe7 19.Qb2+ f6 20.Qd2 Nc6 21.Qf4 Nd4 22.Rb2 Bxe4
23.Qxe4 Qxe4 24.Bxe4 Rfe8 25.Bd3 d5 26.e3 Nf3+ 27.Kg2 Ne5 28.Be2 Kf7 29.Rd1 Ke6
30.Rbd2 Red8 31.f4 Nc6 32.Bf3 Ne7 33.e4 d4 34.b4 c4 35.Rxd4 Rxd4 36.Rxd4 Ra8
37.Rd2 Ra4 38.Rb2 c3 39.Rc2 Rxb4 40.Rxc3 Rb2+ 41.Kh3 Rxa2 42.Rb3 Ra5 43.Be2 Ra4
44.Bg4+ Kd6 45.Rxb5 Rxe4 46.Bf3 Re3 47.Kg2 Ke6 48.Rb6+ Kf7 49.Bd1 Rc3 50.Bb3+ Kg7
51.Rb7 Kf8 52.Rb8+ Rc8 53.Rb7 Rd8 54.Rb6 Kg7 55.Rb7 Kf8 56.Rb6 Kg7  1/2-1/2

[Event "TCh-SVK"]
[Site "SVK"]
[Date "2000.12.17"]
[Round "6"]
[White "Demeter,P"]
[Black "Siroky,J"]
[Result "1-0"]
[WhiteElo "2259"]
[BlackElo "2182"]

1.c4 Nf6 2.Nf3 g6 3.g3 Bg7 4.Bg2 O-O 5.O-O d5 6.cxd5 Nxd5 7.Nc3 c6 8.e4 Nxc3
9.dxc3 Nd7 10.Qc2 e5 11.Be3 Qe7 12.Rfd1 b6 13.a4 Bb7 14.a5 c5 15.Nd2 b5 16.a6 Bc6
17.Nb3 Rfd8 18.Na5 Rac8 19.Bf1 Qe6 20.Nb7 Bf8 21.Nxd8 Rxd8 22.f3 Rb8 23.b4 Ra8
24.c4 Rc8 25.cxb5 Ba8 26.Bc4  1-0

[Event "Ambassador Open"]
[Site "Bern SUI"]
[Date "2000.12.27"]
[Round "2"]
[White "Horvath,Jo"]
[Black "Riedener,T"]
[Result "1-0"]
[WhiteElo "2558"]
[BlackElo "2182"]

1.Nf3 Nf6 2.c4 g6 3.g3 Bg7 4.Bg2 O-O 5.O-O d6 6.Nc3 e5 7.d3 Nc6 8.Rb1 a5
9.a3 Nd7 10.b4 axb4 11.axb4 f5 12.Qb3 Nf6 13.b5 Ne7 14.c5+ Kh8 15.Rd1 h6
16.Ba3 Nfd5 17.Nxd5 Nxd5 18.Nh4 Ne7 19.b6 d5 20.c6 Kh7 21.bxc7  1-0

[Event "1st Wilhelm Steinitz Mem B"]
[Site "Prague CZE"]
[Date "2001.01.02"]
[Round "8"]
[White "Mozny,M"]
[Black "Kopjonkin,G"]
[Result "1/2-1/2"]
[WhiteElo "2414"]
[BlackElo "2378"]

1.Nf3 Nf6 2.c4 g6 3.g3 Bg7 4.Bg2 O-O 5.O-O d6 6.d4 Nc6 7.Nc3 a6 8.h3 Rb8
9.Be3 b5 10.Nd2 Bd7 11.d5 Na5 12.cxb5 axb5 13.b4 Nc4 14.Nxc4 bxc4 15.b5  1/2-1/2

[Event "Open"]
[Site "Ano Liosia GRE"]
[Date "2001.01.03"]
[Round "7"]
[White "Gesos,P"]
[Black "Vouldis,A"]
[Result "0-1"]
[WhiteElo "2364"]
[BlackElo "2497"]

1.Nf3 Nf6 2.c4 g6 3.g3 Bg7 4.Bg2 O-O 5.O-O d6 6.d4 Nbd7 7.Nc3 e5 8.h3 c6
9.Be3 Re8 10.dxe5 dxe5 11.Qd2 Qe7 12.Rfd1 e4 13.Ng5 Ne5 14.b3 Bf5 15.Rac1 Rad8
16.Qc2 Nf3+ 17.exf3 exf3 18.Qb2 fxg2 19.Kxg2 Ne4 20.Ngxe4 Qxe4+ 21.Kh2 Qe6
22.Re1 Qf6 23.Qe2 Bd3 24.Qb2 Qf3 25.Rg1 b5 26.cxb5 cxb5 27.Qa3 Bxc3 28.Rxc3 b4
29.Qxb4 Rxe3 30.fxe3 Be4  0-1

[Event "3rd Hilton Open"]
[Site "Basle SUI"]
[Date "2001.01.04"]
[Round "4"]
[White "Hobuss,W"]
[Black "Nemet,I"]
[Result "0-1"]
[WhiteElo "2117"]
[BlackElo "2437"]

1.Nf3 Nf6 2.g3 g6 3.Bg2 Bg7 4.c4 O-O 5.O-O d6 6.Nc3 c6 7.d4 Bf5 8.Nh4 Be6
9.b3 d5 10.Qd3 Nbd7 11.Bb2 dxc4 12.bxc4 Nb6 13.c5 Bc4 14.Qc2 Nbd5 15.Rfe1 Ba6
16.Rad1 Nxc3 17.Bxc3 Nd5 18.Bb2 Qa5 19.Qb3 Qb5 20.Qa3 Qb4 21.Bxd5 Qxa3 22.Bxf7+ Rxf7
23.Bxa3 Bc4 24.Rd2 b5 25.e3 a5 26.Rc2 e5 27.dxe5 Bxe5 28.Rd1 Bd5 29.e4 Be6
30.f4 Bf6 31.Rd6 Bg4 32.Ng2 Bf3 33.Re6 Bd4+ 34.Kf1 Rd7 35.Nh4 Kf7 36.f5 gxf5
37.exf5 Bd5 38.Rh6 Kg7 39.Rd6 Rf7 40.Bb2 Bxb2 41.Rxb2 Re8 42.Rf2 Rf6 43.Rd7+ Kh6
44.h3 Re3 45.g4 Rxh3 46.Rxd5 cxd5 47.Nf3 Rg3 48.g5+ Rxg5 49.Rh2+ Rh5  0-1

[Event "108th ch-NZL"]
[Site "Auckland NZL"]
[Date "2001.01.07"]
[Round "7"]
[White "Wastney,S"]
[Black "Depasquale,C"]
[Result "1-0"]
[WhiteElo "2219"]
[BlackElo "2309"]

1.Nf3 Nf6 2.c4 g6 3.g3 Bg7 4.Bg2 O-O 5.Nc3 d6 6.d4 Nbd7 7.O-O c6 8.e4 e5
9.h3 Qb6 10.Re1 exd4 11.Nxd4 Ng4 12.Nce2 Nge5 13.b3 Nc5 14.Be3 a5 15.Rb1 Re8
16.Nc3 Qc7 17.Re2 Ned7 18.f4 Nf6 19.Bf2 Ne6 20.Rd2 Nh5 21.Nxe6 Bxe6 22.Rc1 Rad8
23.Na4 Qb8 24.c5 b5 25.cxb6 c5 26.b7 Bd7 27.Nxc5 Bc6 28.Ne6 fxe6 29.Rxc6 Bf8
30.Ra6 Qxb7 31.Rxa5 Qc7 32.Ra7 Qb8 33.Kh2 Nf6 34.a4 Rd7 35.Rxd7 Nxd7 36.Bf1 Nf6
37.Qf3 Qb7 38.Bg2 Rb8 39.Rd3 Nd7 40.Qg4 Kf7 41.Qd1 Qa6 42.Rc3 Qa5 43.Rc4 Nc5
44.Be1 Qa6 45.Rc3 Qb6 46.Bf2 Qb4 47.Qd4 Qxd4 48.Bxd4 Nxb3 49.Rc7+ Be7 50.Be3 Rb4
51.f5 Kf6 52.h4 Bf8 53.Bg5+ Ke5 54.Rf7 exf5 55.Rxf8 fxe4 56.Bf4+ Kd5 57.Ra8 Nc5
58.Rd8 Nb7 59.Rb8 Kc6 60.a5 Kc7 61.Ra8 Ra4 62.a6 Nc5 63.a7 Nd7 64.Re8 Rxa7
65.Rxe4 Ra2 66.Rc4+ Kd8 67.Rd4 Ke7 68.Bxd6+ Ke6 69.Bb4 Nf6 70.Kg1 Ra1+ 71.Kf2 Ra2+
72.Kf3 Nd5 73.Bh3+ Ke5 74.Re4+ Kf6 75.Be6 Nxb4 76.Bxa2 Nxa2 77.Rc4 Ke5 78.Kg4 Kf6
79.Kf4 h6 80.Ke4 Ke6 81.Rc6+ Kf7 82.Ke5 Nb4 83.Rc7+ Kg8 84.Rb7 Nd3+ 85.Kf6 g5
86.hxg5 hxg5 87.Rg7+ Kh8 88.Rxg5 Kh7 89.Rd5 Nf2 90.Rd4 Kg8 91.g4 Nh1 92.g5 Ng3
93.Rd8+ Kh7 94.g6+  1-0

[Event "Czech Extra League 2000-1"]
[Site "CZE"]
[Date "2001.01.13"]
[Round "4"]
[White "Kolesar,Mil"]
[Black "Krupkova,P"]
[Result "1/2-1/2"]
[WhiteElo "2165"]
[BlackElo "2277"]

1.Nf3 Nf6 2.c4 g6 3.g3 Bg7 4.Bg2 O-O 5.d4 d5 6.cxd5 Nxd5 7.O-O Nb6 8.Nc3 Nc6
9.d5 Na5 10.e4 c6 11.Bg5 h6 12.Bf4 cxd5 13.exd5 Nac4 14.Qe2 g5 15.Bc1 e6
16.dxe6 Bxe6 17.Rd1 Qc8 18.h4 g4 19.Nd4 Re8 20.Qc2 Bd7 21.Bf4 Ne5 22.Rac1 Ng6
23.Be3 Nc4 24.Nd5 Nxe3 25.Nxe3 Qxc2 26.Rxc2 Rab8 27.b3 Nf8 28.Ndf5 Bc8 29.Rc7 Ne6
30.Ne7+ Kf8 31.Rxc8 Rexc8 32.Nxc8 Rxc8 33.Bxb7 Rc7 34.Bd5 h5 35.Bxe6 fxe6
36.Nc4 Ke7 37.Kf1 Rc5 38.Ke2 Rf5 39.Rd3 Bf6 40.Nd6 Re5+ 41.Kd1 a6 42.Nc4 Rd5
43.Rxd5 exd5 44.Ne3 Ke6 45.Ke2 Ke5 46.Kd3 Be7 47.Ng2 Bc5 48.Ke2 Ke4 49.Nf4 d4
50.Nd3 Bd6 51.a4 a5 52.Ne1 Bb4 53.Nd3 Bd6 54.Kd2 Kf3 55.Ke1 Ke4 56.Ke2 Be7
57.Nf4 Bxh4 58.Nd3 Be7 59.Nc1 h4 60.gxh4 Bxh4 61.Nd3 Be7 62.Nc1 Bb4 63.Nd3 Ba3
64.Ne1 Be7 65.Nd3 Bd6 66.Nc1 Bb4  1/2-1/2

[Event "Belgian Interteams 2000-1"]
[Site "BEL"]
[Date "2001.01.14"]
[Round "12"]
[White "De Bruycker,B"]
[Black "Ooms,A"]
[Result "1/2-1/2"]
[WhiteElo "2216"]
[BlackElo "2112"]

1.Nf3 Nf6 2.c4 g6 3.g3 Bg7 4.Bg2 O-O 5.Nc3 d6 6.d3 Nbd7 7.O-O e5 8.Rb1 a5
9.a3 c6 10.Ne1 Nb6 11.b4 axb4 12.axb4 d5 13.c5 d4 14.Ne4 Nxe4 15.dxe4 Na4
16.Bd2 Be6 17.Qc2 b5 18.Nd3 Qd7 19.f4 exf4 20.gxf4 Nc3 21.Bxc3 dxc3 22.e5 Qd4+
23.Nf2 Ra2 24.Qe4 Qxe4 25.Nxe4 c2 26.Rbc1 Rb2 27.Nd6 Bd7 28.Be4 f6 29.e6 Bxe6
30.Bxc6 f5 31.e3 Bc3 32.Rf2 Bb3 33.Kg2 Bxb4 34.Bxb5 Bxc5 35.Bc4+ Kg7 36.Bxb3 Rxb3
37.Nc4 Bxe3 38.Nxe3 Rxe3 39.Rcxc2 Rf7 40.Rc4 Rfe7 41.Rf3 R3e4 42.Rc2 Re2+
43.Rxe2 Rxe2+ 44.Kg3 Kh6 45.Ra3 Kh5 46.h3 Rb2 47.Ra7 h6 48.Rh7 Rb3+ 49.Kg2 g5
50.fxg5 Kxg5 51.Ra7 Rb2+ 52.Kf3 Rb3+ 53.Kg2 h5 54.Ra4 Rb2+ 55.Kf3 h4 56.Ra8 Rb3+
57.Kg2 Rg3+ 58.Kh2 Re3 59.Kg2 Kf4 60.Ra4+ Re4 61.Ra2 Rc4 62.Rf2+ Ke4 63.Re2+ Kd3
64.Kf3 Rc1 65.Re8 Rf1+  1/2-1/2

[Event "Anibal Open"]
[Site "Linares ESP"]
[Date "2001.01.16"]
[Round "9"]
[White "Anastasian,A"]
[Black "Del Rio Angelis,S"]
[Result "1-0"]
[WhiteElo "2548"]
[BlackElo "2472"]

1.c4 Nf6 2.Nf3 g6 3.g3 Bg7 4.Bg2 O-O 5.O-O d6 6.Nc3 e5 7.d4 Nbd7 8.h3 Re8
9.e4 exd4 10.Nxd4 a6 11.Be3 Rb8 12.a4 c6 13.Qc2 a5 14.Rad1 Ra8 15.Rfe1 Qe7
16.f4 Nc5 17.Bf2 Nfd7 18.Re2 Nb6 19.b3 Nbd7 20.g4 Qf6 21.Be3 Qh4 22.Bf2 Qf6
23.Bg3 Qd8 24.Red2 Qb6 25.Bf2 Qb4 26.g5 Nf8 27.Na2 Qb6 28.Nc1 Qc7 29.Nde2 Qe7
30.Ng3 Nfe6 31.Nce2 Na6 32.Rxd6 h6 33.h4 hxg5 34.hxg5 Nxf4 35.Nxf4 Be5 36.Nxg6 fxg6
37.Rxg6+ Kf7 38.Nf5  1-0

[Event "It Blind"]
[Site "Linares ESP"]
[Date "2001.02.01"]
[Round "7"]
[White "Smirnov,S"]
[Black "Berlinsky,V"]
[Result "0-1"]
[WhiteElo "2253"]
[BlackElo "2377"]

1.Nf3 Nf6 2.c4 g6 3.g3 Bg7 4.Bg2 O-O 5.d4 d6 6.Nc3 Nc6 7.O-O a6 8.h3 Bd7
9.e4 e5 10.dxe5 dxe5 11.Re1 Re8 12.Nd5 Nxd5 13.cxd5 Ne7 14.Bg5 h6 15.Be3 Nc8
16.Qd2 Kh7 17.Rac1 Nd6 18.Qc2 Rc8 19.Bc5 h5 20.Qb3 Bh6 21.Rcd1 b6 22.Bb4 a5
23.Bc3 f6 24.Bf1 Re7 25.Kh2 Ra8 26.Qc2 Qb8 27.Nh4 g5 28.Ng2 Be8 29.Ne3 Bd7
30.Bd3 Qb7 31.Qe2 Be8 32.Rc1 Bg6 33.f3 b5 34.Bd2 Be8 35.Rc5 Qb6 36.Rec1 Nc4
37.R5xc4 bxc4 38.Nxc4 Qa7 39.Nxa5 Qb8 40.b4 Bf8 41.a3 Rg7 42.Be3 Kg8 43.Ba6 Bd6
44.Qc4 Bd7 45.Nc6 Qf8 46.Qe2 f5 47.exf5 Qxf5 48.g4 e4+ 49.Kg1 Qxf3 50.Qxf3 exf3
51.b5 Bxa3 52.Rc4 hxg4 53.hxg4 Bd6 54.Bd4 Rh7 55.Ne5 Rf8 56.Nxd7 Rxd7 57.b6 cxb6
58.Bxb6 Bg3 59.Bc8 Re8 60.Bf2 Bxf2+ 61.Kxf2 Rxd5 62.Bf5 Ra5 63.Rc3 Rea8 64.Be6+ Kf8
65.Rxf3+ Ke7 66.Bc4 Rf8 67.Rxf8 Kxf8 68.Ke3 Ra4 69.Kd4 Ke7 70.Kd5 Kf6 71.Kd4 Rxc4+
72.Kxc4 Ke5 73.Kd3 Kf4 74.Ke2 Kxg4 75.Kf2 Kh3  0-1